000
00196 a2200097 4500
020
_a
9780062409416
041
_a
eng
100
_a
Laura Numeroff
245
_a
If you give a dog a donut
942
_c
K
999
_c
28392
_d
28392